Second selections from Modern English teacher / (Record no. 37416)
[ view plain ]
| 000 -LEADER | |
|---|---|
| fixed length control field | 00907nam a22002771a 4500 |
| 001 - CONTROL NUMBER | |
| control field | 9651927 |
| 005 - DATE AND TIME OF LATEST TRANSACTION | |
| control field | 20110718132457.0 |
| 008 - FIXED-LENGTH DATA ELEMENTS--GENERAL INFORMATION | |
| fixed length control field | 841008s1983 enka 00000 eng d |
| 010 ## - LIBRARY OF CONGRESS CONTROL NUMBER | |
| LC control number | gb |
| 015 ## - NATIONAL BIBLIOGRAPHY NUMBER | |
| National bibliography number | GB84-35298 |
| 020 ## - INTERNATIONAL STANDARD BOOK NUMBER | |
| International Standard Book Number | 0582746140 |
| Terms of availability | ?3.95 |
| 035 ## - SYSTEM CONTROL NUMBER | |
| System control number | (OCoLC)ocm11770329 |
| 035 ## - SYSTEM CONTROL NUMBER | |
| -- | ACH4710UI |
| 035 ## - SYSTEM CONTROL NUMBER | |
| System control number | (UICdb)553455 |
| 040 ## - CATALOGING SOURCE | |
| Original cataloging agency | UKM |
| Transcribing agency | UKM |
| Modifying agency | m/c |
| -- | UICdb |
| 050 1# - LIBRARY OF CONGRESS CALL NUMBER | |
| Classification number | PE 1128 .A2543 1983 |
| 082 0# - DEWEY DECIMAL CLASSIFICATION NUMBER | |
| Classification number | 428.2/4/07 |
| Edition number | 19 |
| 245 00 - TITLE STATEMENT | |
| Title | Second selections from Modern English teacher / |
| Statement of responsibility, etc | edited by Susan Holden. |
| Medium | [Text] |
| 260 0# - PUBLICATION, DISTRIBUTION, ETC. (IMPRINT) | |
| Place of publication, distribution, etc | [Harlow] |
| Name of publisher, distributor, etc | Longman |
| Date of publication, distribution, etc | 1983 |
| 300 ## - PHYSICAL DESCRIPTION | |
| Extent | 132 p. : |
| Other physical details | ill. ; |
| Dimensions | 25 cm. |
| 440 #0 - SERIES STATEMENT/ADDED ENTRY--TITLE | |
| Title | Longman handbooks for language teachers |
| 650 #0 - SUBJECT ADDED ENTRY--TOPICAL TERM | |
| Topical term or geographic name as entry element | English language |
| General subdivision | Study and teaching Foreign speakers. |
| 653 ## - INDEX TERM--UNCONTROLLED | |
| Uncontrolled term | Non-English speaking students |
| -- | Education |
| -- | Curriculum subjects: English language |
| -- | Teaching - Manuals |
| 700 10 - ADDED ENTRY--PERSONAL NAME | |
| Personal name | Holden, Susan. |
| -- | cn |
| 948 ## - LOCAL PROCESSING INFORMATION (OCLC); SERIES PART DESIGNATOR (RLIN) | |
| Series part designator, SPT (RLIN) | aa |
| Withdrawn status | Lost status | Source of classification or shelving scheme | Damaged status | Not for loan | Collection code | Home library | Current library | Shelving location | Date acquired | Source of acquisition | Cost, normal purchase price | Total Checkouts | Full call number | Barcode | Date last seen | Copy number | Price effective from | Koha item type |
|---|---|---|---|---|---|---|---|---|---|---|---|---|---|---|---|---|---|---|
| Library of Congress Classification | General Circulation | AIU/NEGST - Tony Wilmot Memorial Library | AIU/NEGST - Tony Wilmot Memorial Library | General Stacks | 11/17/2009 | D - Wycliffe Associates | 25.00 | PE 1128.A2543 1983 | R34416W3232 | 09/26/2019 | 1 | 11/17/2009 | Books |
